Un problema que va más allá de la política

Gorde:
Xehetasun bibliografikoak
Formatua: Texto
Gaiak:
Etiketak: Etiketa erantsi
Etiketarik gabe, Izan zaitez lehena erregistro honi etiketa jartzen!

MARC

LEADER 00000 a a2200000 04500
001 6874
003
040
245 |a Un problema que va más allá de la política  
650 |a DESECHOS  
650 |a CONTAMINACION  
650 |a MEDIO AMBIENTE  
650 |a EL SALVADOR  
773 |g volumen 28, número 1260; páginas 9-10  
999 |c 39803  |d 39803